| 000 | 00553nam a2200145Ia 4500 | ||
|---|---|---|---|
| 008 | 151213s9999 xx 000 0 und d | ||
| 100 | _aসানাউল হক। | ||
| 245 |
_aতারুন্যের দিনলিপি ও অন্যান্য। _cসানাউল হক। |
||
| 260 |
_aবাংলাবাজার ঢাকা।‘ _bনওরোজ কিতাবিস্তান। _c1990 |
||
| 300 | _a9280 p. | ||
| 650 | _aBangla | ||
| 650 | _aআলোচনা | ||
| 700 | _aসানাউল হক। | ||
| 999 |
_c4746 _d4746 |
||